000 00325nam a22001337a 4500
020 _a1-85471-385-X
082 _a823
_bPOT/T
100 _aPOTTER, BEATRIX
245 _aTHE TALE OF JEMIMA PUDDLE DUCK
260 _aENGLAND
_bPENGUIN BOOK
_c1993
300 _a 59
650 _aENGLISH SHORT STORY
_zENGLAND
942 _cBK
999 _c2086
_d2086